000 00521nam a2200193 a 4500
001 1771297720699
003 YourLibrary
005 20260217084031.0
008 260217s2002##################000#0#eng##
020 _a9781402004780
082 0 4 _a330.0711
_bJOH
100 1 _aJohannessen, Tor A.,
_eauthor.
245 1 0 _aEducational Innovation in Economics and Business VI :
260 _bSpringer,
_c2002.
300 _a334 pages
650 0 _aEducation.
942 _cENGLISH
040 _aYourLibrary
_beng
_cYourLibrary
999 _c612892
_d612892